000 00662nam a2200217Ii 4500
003 JO-AjNU
008 230605s9999||||xx |||||||||||||| ||und||
017 _a1990/5096
040 _aJO-AjNU
_bara
_erda
_cJO-AjNU
041 _aara
050 1 4 _aPJ6952.I272 1992
100 3 _aأنيس، إبراهيم,
_eauthor
_98578
245 0 0 _aفي اللهجات العربية
250 _aط8
264 3 1 _aالقاهرة: مكتبة الأنجلو المصرية، 1992
300 _a349ص
336 _atext
_btxt
_2rdacontent
337 _aunmediated
_bn
_2rdamedia
338 _avolume
_bnc
_2rdacarrier
650 4 _aاللغة العربية - لهجات
_98579
999 _aA861
_c4429
_d4429